000 00578nam a22001697a 4500
999 _c61691
_d61691
005 20240417162439.0
008 240417s2001 enk||||| |||| 00| 0 eng d
020 _a964459083
041 _aeng
080 _a61(075.8)+811 T-11
100 _aTahririan, Hassan
_921838
245 _aEnglish for the Students of Medicine (II) /
_cHassan Tahririan.
264 _aTehran :
_bThe center for studying and compiling,
_c2001.
300 _a494 p.;
_b24 cm.
653 _aინგლისური ენა - უცხოელებისთვის
942 _2udc
_cᲬᲘᲒᲜᲘ